Animals by Letter and Picture-I - Statistics

General Stats
  • This quiz has been taken 44 times
  • The average score is 4 of 7
Answer Stats
Picture Answer % Correct
Iguana
94%
Indian Elephant
66%
Impala
63%
Ibex
46%
Ibis
43%
Inchworm
40%
Isopod
14%
No matching quizzes found
Score Distribution
Percent of People with Each Score
Percentile by Number Answered
Your Score History
You have not taken this quiz